| 000 | 00896nas a2200313 4500 | ||
|---|---|---|---|
| 001 | BR0201791 | ||
| 003 | BR-BrBNA | ||
| 005 | 20231205102847.0 | ||
| 007 | ta | ||
| 008 | 230509b bl.|||p| |||| 00| 00por d | ||
| 040 |
_aBR-BrBNA _bpor _cBiblioteca Nacional de Agricultura |
||
| 041 | _a(En) | ||
| 072 | _aH10 | ||
| 100 | 1 | _aBorges, M. | |
| 100 | 1 | _aZhang, A. | |
| 100 | 1 | _aCamp, M.J. | |
| 100 | 1 | _aAldrich, J.R. | |
| 245 | 1 | _aAdult diapause morph of the brown stink bug, Euschistus servus (Say)(Heteroptera: Pentatomidae) | |
| 650 | _aInseto | ||
| 650 | _aPercevejo | ||
| 650 | _aPraga de Planta | ||
| 650 | _aDiapausa | ||
| 650 | _aCor | ||
| 650 | _aFeromônio | ||
| 650 | _aControle Biológico | ||
| 773 | 0 |
_tNeotropical Entomology (Brazil) _xISSN 0301-8059 _g(Mar 2001), v. 30(1) p. 179-182 _wBR0201791 |
|
| 909 |
_a202311 _bLúcia _c55 _dLúcia Elande |
||
| 942 |
_2AGRIS _n0 _cANA |
||
| 999 |
_c169757 _d169757 |
||